| 000 | 00597nam a2200217Ia 4500 | ||
|---|---|---|---|
| 005 | 20250508165100.0 | ||
| 008 | 008 250505s9999 xx 000 0 eng d | ||
| 020 | _a81-241-0036-5 | ||
| 037 | _aTextual | ||
| 040 |
_aFEDL _beng _cFEDL |
||
| 041 |
_aeng _2eng |
||
| 084 |
_a954, STE _qFEDL |
||
| 100 | _aStern Robert W | ||
| 245 | 0 | _aChanging India: Bourgeois revolution in the subcontinent | |
| 260 |
_aNew Delhi, India _bFoundation Books _c1993 |
||
| 300 | _axviii,257p. | ||
| 365 |
_aINR _b125 |
||
| 546 | _aMACESE | ||
| 942 |
_cTEXL _h954, STE |
||
| 999 |
_c1393056 _d1393056 |
||